Estadísticas para Rosco de Pasapalabra #86

Haz click aquí para intentar la prueba.

Estadísticas generales

  • Esta prueba ha sido intentada 85 veces
  • La puntuación promedio es 14 de 25

Estadísticas de respuestas

InicialDefiniciónRespuesta% Correcto
DDos veces mayor o que contiene una cantidad dos veces exactamenteDoble
100%
CConjunto de personas que cantan simultáneamente una pieza musical o parte de ellaCoro
97%
IBebida obtenida poniendo en agua hirviendo una sustancia vegetal, como la manzanilla o el poleoInfusión
93%
Contiene la ÑEchar de menos a alguien o algo, sentir su faltaExtrañar
87%
PPolvillo constituido por las esporas diminutas que se forman en la antera de los estambres de las floresPolen
87%
BLugar donde un camino se divide en dos ramalesBifurcación
84%
OEn la mitología griega, monte que era considerado la morada de los diosesOlimpo
84%
HProvincia aragonesa que tiene frontera con FranciaHuesca
79%
VSe dice del color semejante al de la hierba fresca o al de la esmeraldaVerde
76%
UPlaca córnea que recubre la parte superior de las extremidades de los dedos del ser humanoUña
69%
RJuego que consiste en ir encajando piezas hasta componer una imagen o un dibujoRompecabezas
66%
ZGerundio del verbo zapearZapeando
63%
Contiene la XMotivo o pretexto que se invoca para eludir una obligación o disculpar una omisiónExcusa
60%
JTerritorio gobernado por el jalifaJalifato
59%
MInterés o atracción por lo prohibido, lo desagradable o lo escabrosoMorbo
59%
Contiene la QTienda de ropa de modaBoutique
56%
TAgarrotamiento o contracción muscularTirón
51%
GParte sólida o más espesa formada en una sustancia líquidaGrumo
41%
Contiene la YTorre de vigilancia, situada generalmente en un lugar alto, desde la que se tiene una vista muy ampliaAtalaya
31%
FDeporte que se juega en un frontón y en el que se emplean pelotas y raquetas similares a las de tenisFrontenis
30%
EImagen o representación de una personaEfigie
16%
LApellido de la arquitecta que diseñó el Monumento a los Veteranos de Vietnam de la ciudad de WashingtonLin
9%
ACosa baladí, insignificanteAjaspajas
4%
NPrecio estipulado por el alquiler de una nave o de una parte de ellaNolit
1%
SGoma casi transparente que fluye por la corteza de un arbusto de Arabia parecido al espino negroSarcocola
1%

Distribución de puntuación

Porcentaje por número respondido

Porcentaje de gente con cada puntuación

Historial de tus puntuaciones

No has intentado esta prueba.